How to Write, Speak and Think more Effectively: A Complete, Step-by-Step Course in the Art of Communication (Record no. 889)

MARC details
005 - DATE AND TIME OF LATEST TRANSACTION
control field 20250318100835.0
082 ## - DEWEY DECIMAL CLASSIFICATION NUMBER
Classification number 421.55 FLE
100 ## - MAIN ENTRY--PERSONAL NAME
Author name FLESCH, R.
245 ## - TITLE STATEMENT
Title How to Write, Speak and Think more Effectively: A Complete, Step-by-Step Course in the Art of Communication
260 ## - PUBLICATION, DISTRIBUTION, ETC.
Place of publication, distribution, etc. New York,
Name of publisher, distributor, etc. Harper & Row,
Date of publication, distribution, etc. 1946.
300 ## - PHYSICAL DESCRIPTION
Extent xi, 362p.
Other physical details Index.
Dimensions 22cm.
942 ## - ADDED ENTRY ELEMENTS (KOHA)
Source of classification or shelving scheme Dewey Decimal Classification
Koha item type Books
Holdings
Date last seen Total checkouts Full call number Barcode Cost, replacement price Price effective from Koha item type Lost status Source of classification or shelving scheme Damaged status Not for loan Withdrawn status Home library Current library Shelving location Date acquired Cost, normal purchase price
03/18/2025   421.55 FLE 0000003566 30000.00 03/18/2025 Books   Dewey Decimal Classification       College of Business Education Main Library College of Business Education Main Library General Collection 03/18/2025 10000.00